Design Aids for Limit State Design of Reinforced Concrete Members / (Record no. 1352)

000 -LEADER
fixed length control field 00306 a2200097 4500
082 ## - DEWEY DECIMAL CLASSIFICATION NUMBER
Classification number 624.1834 VAR
100 ## - MAIN ENTRY--PERSONAL NAME
Personal name Varyani,U.H.
245 ## - TITLE STATEMENT
Title Design Aids for Limit State Design of Reinforced Concrete Members /
Statement of responsibility, etc. U.H.Varyani
260 ## - PUBLICATION, DISTRIBUTION, ETC.
Place of publication, distribution, etc. Delhi :
Date of publication, distribution, etc. Khanna Publishers,
Name of publisher, distributor, etc. 2005
300 ## - PHYSICAL DESCRIPTION
Extent 419p. :
Other physical details ill . ;
Dimensions 25cm
650 ## - SUBJECT ADDED ENTRY--TOPICAL TERM
Topical term or geographic name entry element reinfroced concrete
Holdings
Withdrawn status Lost status Damaged status Not for loan Permanent Location Current Location Shelving location Date acquired Total Checkouts Full call number Barcode Date last seen Price effective from Koha item type
        School of Civil and Environmental Engineering (SCEE) School of Civil and Environmental Engineering (SCEE)       624.1834 VAR NIT-6449 01/05/2017 01/05/2017 Book
© 2023 Central Library, National University of Sciences and Technology. All Rights Reserved.